|
|
|
|
| LEADER |
00000nam a2200000 a 4500 |
| 001 |
vtls001353694 |
| 003 |
SK-MaSNL |
| 005 |
20260301010434.0 |
| 008 |
160415s1998 xo ac yy 0 hun |
| 015 |
|
|
|a SNBE1999/01-00327
|
| 020 |
|
|
|a 8085580039
|
| 035 |
|
|
|a SNK000307114
|
| 040 |
|
|
|a SNK
|b slo
|c SNK
|e AACR2
|
| 041 |
0 |
|
|a hun
|
| 044 |
|
|
|a xo
|c SK
|
| 080 |
|
|
|a 7.096(437.6=945.11)(085)"1928/1998"=945.11
|2 1981
|
| 080 |
|
|
|a 621.396.7
|2 1981
|
| 110 |
0 |
|
|a Slovenský rozhlas
|4 aut
|9 145763
|
| 245 |
1 |
|
|a Szlovák rádió magyar adása 1928-1998
|c összeállította Papp Sándor, Protič János, Molnár László ; fényképek František Horváth
|
| 246 |
1 |
0 |
|a =Redakcia maďarského vysielania Slovenského rozhlasu 1928-1998
|
| 260 |
|
|
|a Bratislava
|b Szlovák Rádió
|c 1998
|
| 300 |
|
|
|a 70 s.
|b čiernobiele a fareb. fotogr.
|c 30 cm
|
| 500 |
|
|
|a Text čiast. slov. Tiráž aj slov.
|
| 610 |
0 |
7 |
|a Slovenský rozhlas.
|b Redakcia maďarského vysielania
|2 SNK
|9 292245
|
| 655 |
|
7 |
|a výročné správy
|2 SNK
|9 70580
|
| 700 |
1 |
|
|a Papp, Sándor,
|d 1955-2017
|4 com
|9 182927
|
| 700 |
1 |
|
|a Protič, Ján
|4 com
|9 292246
|
| 700 |
1 |
|
|a Molnár, Ladislav
|4 com
|9 292247
|
| 710 |
0 |
|
|a Slovenský rozhlas
|4 pbl
|9 145763
|
| 919 |
|
|
|a 80-85580-03-9
|
| 958 |
|
|
|a TL
|
| 999 |
|
|
|c 548110
|d 550040
|
| 952 |
|
|
|t P60, <09>, [BOOK], {629}
|a SNK
|b SNK
|y NEVYP
|7 0
|o snkB 22
|i snk121/990201
|0 0
|1 0
|4 0
|d 1999-01-29
|l 0
|r 2005-01-02 00:00:00
|w 2026-02-23
|
| 952 |
|
|
|t P60, <03>, [BOOK], {603}
|a SNK
|b SNK
|y PREZ
|7 0
|p 17A0179808
|o snkOSB 12037
|i snkKSP 948/99
|0 0
|1 0
|4 0
|d 1999-01-29
|l 0
|r 2005-01-02 00:00:00
|w 2026-02-23
|
| 952 |
|
|
|t P60, <04>, [BOOK], {604}
|a SNK
|b SNK
|y VYP
|7 0
|p 17A0179809
|o snkOSB 12037 D1
|i snkKSP 949/99
|0 0
|1 0
|4 0
|d 1999-01-29
|l 0
|r 2005-01-02 00:00:00
|w 2026-02-23
|